| 000 | 00990nac a22002777a 4500 | ||
|---|---|---|---|
| 001 | BR9100139 | ||
| 003 | BR-BrBNA | ||
| 005 | 20240105121136.0 | ||
| 008 | 230509b bl.|||m| |||| 00| 0 por d | ||
| 040 |
_aBR-BrBNA _bpor _cBiblioteca Nacional de Agricultura |
||
| 072 | _aF01; L01 | ||
| 090 | _aF01 BR9100139 | ||
| 100 | 1 | _aYeganiantz, L. (ed.) | |
| 110 | 1 |
_aEmpresa Brasileira de Pesquisa Agropecuaria, Brasilia, DF (Brasil). Depto. de Estudos e Pesquisas _93844 |
|
| 245 | 1 | _aPesquisa agropecuaria, questionamentos, consolidacao e perspectivas | |
| 260 | 3 |
_aBrasilia, DF (Brasil): _c1988. |
|
| 300 | _a355 p. | ||
| 490 |
_aDocumentos - Empresa Brasileira de Pesquisa Agropecuaria. Depto. de Estudos e Pesquisas (Brazil) _vno. 35 _xISSN 0102-9711 |
||
| 650 | _aPESQUISA AGRICOLA | ||
| 650 | _aPECUARIA | ||
| 650 | _aDESENVOLVIMENTO ECONOMICO | ||
| 650 | _aCREDITO RURAL | ||
| 650 | _aCOOPERATIVA | ||
| 909 |
_a202312 _bLúcia Elande _c55 _dLúcia Elande |
||
| 942 |
_2AGRIS _n0 _cMS |
||
| 999 |
_c283544 _d283544 |
||